[Event "DEM U18w 2018"]
[Site "Willingen GER"]
[Date "2018.05.24"]
[Round "7"]
[White "Sewald, Kathrin"]
[Black "Lange, Cecilia"]
[Result "1/2-1/2"]
[Termination "normal"]
[Board "2"]
[WhiteElo "2035"]
[BlackElo "1929"]
[WhiteClock "00:18:20"]
[BlackClock "00:08:34"]
[PlyCount "104"]
[WhiteFideId "12964557"]
[BlackFideId "12976040"]
[EventCountry "GER"]
[EventRounds "9"]
[EventType "swiss"]
[EventDate "2018.05.19"]

1. e4 {[%clk 1:30:58]} 1... e6 {[%clk 1:30:56]} 2. d3 {[%clk 1:31:25]} 2... c5
{[%clk 1:31:21]} 3. g3 {[%clk 1:31:41]} 3... Nc6 {[%clk 1:31:46]} 4. Bg2 {
[%clk 1:32:04]} 4... d6 {[%clk 1:32:11]} 5. f4 {[%clk 1:31:29]} 5... g6 { [%clk
1:32:40]} 6. Nf3 {[%clk 1:31:34]} 6... Bg7 {[%clk 1:33:05]} 7. O-O { [%clk
1:29:08]} 7... Nge7 {[%clk 1:33:30]} 8. c3 {[%clk 1:29:01]} 8... a6 { [%clk
1:33:48]} 9. Be3 {[%clk 1:28:00]} 9... b5 {[%clk 1:34:11]} 10. Nbd2 { [%clk
1:21:54]} 10... O-O {[%clk 1:33:19]} 11. g4 {[%clk 1:19:37]} 11... f5 { [%clk
1:23:24]} 12. gxf5 {[%clk 1:11:24]} 12... exf5 {[%clk 1:19:46]} 13. Qb3+ {[%clk
1:07:46]} 13... c4 {[%clk 1:13:15]} 14. dxc4 {[%clk 1:08:03]} 14... Na5 {[%clk
1:11:40]} 15. Qa3 {[%clk 1:05:18]} 15... fxe4 {[%clk 1:02:38]} 16. Nd4 { [%clk
0:59:46]} 16... Nxc4 {[%clk 0:57:59]} 17. Nxc4 {[%clk 0:59:20]} 17... bxc4
{[%clk 0:58:12]} 18. Bxe4 {[%clk 0:55:11]} 18... d5 {[%clk 0:55:55]} 19. Bg2
{[%clk 0:54:15]} 19... Nf5 {[%clk 0:52:37]} 20. Nc6 {[%clk 0:46:17]} 20... Qd7
{[%clk 0:48:59]} 21. Ne5 {[%clk 0:42:44]} 21... Qe6 {[%clk 0:44:47]} 22. Bc5
{[%clk 0:41:38]} 22... Re8 {[%clk 0:42:57]} 23. Rfe1 {[%clk 0:37:53]} 23... Bb7
{[%clk 0:40:16]} 24. Bh3 {[%clk 0:27:41]} 24... Rac8 {[%clk 0:33:10]} 25. Re2
{[%clk 0:20:49]} 25... Qf6 {[%clk 0:30:31]} 26. Bf2 {[%clk 0:19:18]} 26... g5
{[%clk 0:19:07]} 27. Rf1 {[%clk 0:12:27]} 27... gxf4 {[%clk 0:17:47]} 28. Bd4
{[%clk 0:10:34]} 28... Nxd4 {[%clk 0:11:35]} 29. cxd4 {[%clk 0:10:56]} 29...
Rc7 {[%clk 0:11:08]} 30. Qf3 {[%clk 0:09:45]} 30... Qh4 {[%clk 0:09:36]} 31.
Rg2 {[%clk 0:07:04]} 31... Qh6 {[%clk 0:07:21]} 32. Bf5 {[%clk 0:05:30]} 32...
Kh8 {[%clk 0:05:14]} 33. Qxf4 {[%clk 0:03:45]} 33... Qxf4 {[%clk 0:05:06] } 34.
Rxf4 {[%clk 0:04:12]} 34... Bxe5 {[%clk 0:04:26]} 35. dxe5 { [%clk 0:04:38]}
35... Rg7 {[%clk 0:02:42]} 36. e6 {[%clk 0:03:38]} 36... Rxg2+ {[%clk 0:02:06]}
37. Kxg2 {[%clk 0:04:04]} 37... Bc8 {[%clk 0:02:18]} 38. Rd4 { [%clk 0:02:27]}
38... Bxe6 {[%clk 0:02:37]} 39. Bxe6 {[%clk 0:02:43]} 39... Rxe6 {[%clk
0:03:05]} 40. Kf3 {[%clk 0:02:34]} 40... Rb6 {[%clk 0:01:35]} 41. Rd2 {[%clk
0:01:15]} 41... Kg7 {[%clk 0:27:16]} 42. Ke3 {[%clk 0:30:16]} 42... Rd6 {[%clk
0:24:08]} 43. Kd4 {[%clk 0:29:38]} 43... Kf6 {[%clk 0:21:02]} 44. Kc5 {[%clk
0:29:53]} 44... Ke6 {[%clk 0:18:09]} 45. Re2+ {[%clk 0:26:28]} 45... Kd7 {[%clk
0:18:27]} 46. Re5 {[%clk 0:25:45]} 46... d4 {[%clk 0:13:53]} 47. Kxc4 {[%clk
0:24:32]} 47... d3 48. Re1 {[%clk 0:24:10]} 48... Rh6 { [%clk 0:14:00]} 49. Rd1
{[%clk 0:22:22]} 49... Rxh2 {[%clk 0:12:33]} 50. Rxd3+ {[%clk 0:22:32]} 50...
Kc7 {[%clk 0:12:15]} 51. Rf3 {[%clk 0:19:14]} 51... h5 { [%clk 0:08:56]} 52.
Rf7+ {[%clk 0:18:20]} 52... Kb6 {[%clk 0:08:34]} 1/2-1/2

[Event "DEM U18w 2018"]
[Site "Willingen GER"]
[Date "2018.05.24"]
[Round "7"]
[White "Köhler, Inken"]
[Black "Wächter, Nathalie"]
[Result "1-0"]
[Termination "normal"]
[Board "3"]
[WhiteElo "1879"]
[BlackElo "1954"]
[WhiteClock "00:24:21"]
[BlackClock "00:09:48"]
[PlyCount "93"]
[WhiteFideId "12929301"]
[BlackFideId "12921033"]
[EventCountry "GER"]
[EventRounds "9"]
[EventType "swiss"]
[EventDate "2018.05.19"]

1. d4 {[%clk 1:30:58]} 1... d5 {[%clk 1:30:54]} 2. Nf3 {[%clk 1:31:22]} 2...
Nf6 {[%clk 1:31:16]} 3. e3 {[%clk 1:31:39]} 3... e6 {[%clk 1:29:55]} 4. Bd3 {
[%clk 1:31:49]} 4... Nbd7 {[%clk 1:30:01]} 5. O-O {[%clk 1:31:14]} 5... Bd6 {
[%clk 1:30:04]} 6. b3 {[%clk 1:29:52]} 6... O-O {[%clk 1:21:59]} 7. Bb2 { [%clk
1:29:49]} 7... c5 {[%clk 1:16:51]} 8. Nbd2 {[%clk 1:28:52]} 8... Qe7 { [%clk
1:14:45]} 9. Ne5 {[%clk 1:25:20]} 9... cxd4 {[%clk 1:14:41]} 10. exd4 { [%clk
1:25:44]} 10... Ba3 {[%clk 1:14:24]} 11. Bxa3 {[%clk 1:15:39]} 11... Qxa3
{[%clk 1:14:47]} 12. c3 {[%clk 1:15:53]} 12... Nxe5 {[%clk 1:08:39]} 13. dxe5 {
[%clk 1:16:10]} 13... Nd7 {[%clk 1:08:54]} 14. Re1 {[%clk 1:13:12]} 14... Qe7 {
[%clk 1:00:58]} 15. Qh5 {[%clk 1:02:35]} 15... g6 {[%clk 0:58:09]} 16. Qh6 {
[%clk 1:02:12]} 16... f6 {[%clk 0:54:47]} 17. Nf3 {[%clk 0:56:16]} 17... fxe5 {
[%clk 0:39:07]} 18. Nxe5 {[%clk 0:50:59]} 18... Qg7 {[%clk 0:38:27]} 19. Qg5 {
[%clk 0:38:22]} 19... Nxe5 {[%clk 0:33:31]} 20. Rxe5 {[%clk 0:38:40]} 20... Bd7
{[%clk 0:27:03]} 21. Rae1 {[%clk 0:37:20]} 21... Rf6 {[%clk 0:12:46]} 22. c4 {
[%clk 0:27:26]} 22... dxc4 {[%clk 0:06:53]} 23. Bxc4 {[%clk 0:27:51]} 23... Re8
{[%clk 0:04:51]} 24. Qg4 {[%clk 0:23:00]} 24... a6 {[%clk 0:03:11]} 25. a4 {
[%clk 0:21:21]} 25... Qf7 {[%clk 0:03:17]} 26. Qe2 {[%clk 0:18:08]} 26... Kg7 {
[%clk 0:03:07]} 27. f3 {[%clk 0:16:48]} 27... Qe7 {[%clk 0:03:18]} 28. Qe4 {
[%clk 0:10:05]} 28... Bc8 {[%clk 0:02:03]} 29. Qe3 {[%clk 0:06:58]} 29... Bd7 {
[%clk 0:01:05]} 30. Qb6 {[%clk 0:06:51]} 30... Bc8 {[%clk 0:01:21]} 31. a5 {
[%clk 0:05:19]} 31... Qf7 {[%clk 0:01:18]} 32. Rc5 {[%clk 0:04:42]} 32... Kg8 {
[%clk 0:00:53]} 33. Rc7 {[%clk 0:04:03]} 33... Qf8 {[%clk 0:01:21]} 34. Rc1 {
[%clk 0:01:00]} 34... Rf7 {[%clk 0:01:43]} 35. Be2 {[%clk 0:00:44]} 35... Rxc7
{[%clk 0:01:04]} 36. Qxc7 {[%clk 0:01:12]} 36... Qf6 {[%clk 0:01:18]} 37. Qc3 {
[%clk 0:00:45]} 37... Qf4 {[%clk 0:01:06]} 38. Rd1 {[%clk 0:00:41]} 38... Qf7 {
[%clk 0:01:04]} 39. Bc4 {[%clk 0:00:40]} 39... Qe7 {[%clk 0:00:55]} 40. Qd4 {
[%clk 0:00:42]} 40... Qc7 {[%clk 0:00:51]} 41. b4 {[%clk 0:30:04]} 41... Kf7 {
[%clk 0:21:27]} 42. Bb3 {[%clk 0:28:57]} 42... Qc6 {[%clk 0:14:09]} 43. Qf4+ {
[%clk 0:26:12]} 43... Kg7 {[%clk 0:13:34]} 44. Rc1 {[%clk 0:25:23]} 44... Qb5 {
[%clk 0:13:00]} 45. Rc7+ {[%clk 0:25:29]} 45... Bd7 {[%clk 0:13:06]} 46. Qd4+ {
[%clk 0:25:40]} 46... Kh6 {[%clk 0:09:48]} 47. Rxd7 {[%clk 0:24:21]} 1-0

[Event "DEM U18w 2018"]
[Site "Willingen GER"]
[Date "2018.05.24"]
[Round "7"]
[White "Ley, Sabrina"]
[Black "Arnhold, Steffi"]
[Result "1/2-1/2"]
[Termination "normal"]
[Board "5"]
[WhiteElo "1882"]
[BlackElo "1923"]
[WhiteClock "00:19:05"]
[BlackClock "00:00:52"]
[PlyCount "81"]
[WhiteFideId "12938130"]
[BlackFideId "12931365"]
[EventCountry "GER"]
[EventRounds "9"]
[EventType "swiss"]
[EventDate "2018.05.19"]

1. e4 {[%clk 1:30:59]} 1... c5 {[%clk 1:30:53]} 2. Nc3 {[%clk 1:31:25]} 2...
Nc6 {[%clk 1:31:03]} 3. Bb5 {[%clk 1:31:50]} 3... Nd4 {[%clk 1:31:04]} 4. Bc4 {
[%clk 1:32:16]} 4... e6 {[%clk 1:31:07]} 5. Nge2 {[%clk 1:32:30]} 5... Nf6 {
[%clk 1:29:35]} 6. O-O {[%clk 1:32:20]} 6... a6 {[%clk 1:28:47]} 7. a4 { [%clk
1:31:02]} 7... Qc7 {[%clk 1:25:12]} 8. d3 {[%clk 1:26:47]} 8... d6 { [%clk
1:10:11]} 9. Nxd4 {[%clk 1:11:57]} 9... cxd4 {[%clk 1:10:32]} 10. Ne2 { [%clk
1:12:17]} 10... d5 {[%clk 0:58:51]} 11. exd5 {[%clk 1:10:57]} 11... exd5 {[%clk
0:58:52]} 12. Bb3 {[%clk 1:10:02]} 12... Bd6 {[%clk 0:54:49]} 13. h3 { [%clk
1:02:23]} 13... Qc5 {[%clk 0:50:35]} 14. Re1 {[%clk 0:48:56]} 14... O-O { [%clk
0:46:32]} 15. Bg5 {[%clk 0:42:54]} 15... Be6 {[%clk 0:35:31]} 16. Qd2 { [%clk
0:30:02]} 16... Nd7 {[%clk 0:31:36]} 17. Bf4 {[%clk 0:25:53]} 17... Ne5 { [%clk
0:27:44]} 18. Ng3 {[%clk 0:23:16]} 18... Qc7 {[%clk 0:26:37]} 19. Qe2 { [%clk
0:17:20]} 19... f6 {[%clk 0:19:44]} 20. Bd2 {[%clk 0:10:58]} 20... Rae8 { [%clk
0:17:52]} 21. Qf1 {[%clk 0:08:00]} 21... Kh8 {[%clk 0:14:29]} 22. Ne2 { [%clk
0:07:31]} 22... Nc6 {[%clk 0:05:10]} 23. Kh1 {[%clk 0:07:40]} 23... Re7 { [%clk
0:04:28]} 24. f4 {[%clk 0:07:13]} 24... Rfe8 {[%clk 0:04:30]} 25. Qf3 { [%clk
0:07:05]} 25... Bg8 {[%clk 0:04:08]} 26. Qf2 {[%clk 0:05:28]} 26... Bc5 { [%clk
0:03:49]} 27. Ng3 {[%clk 0:05:09]} 27... Qd7 {[%clk 0:02:52]} 28. Rxe7 { [%clk
0:04:59]} 28... Rxe7 {[%clk 0:03:15]} 29. Re1 {[%clk 0:04:33]} 29... Rxe1+
{[%clk 0:03:28]} 30. Qxe1 {[%clk 0:04:53]} 30... Ne7 {[%clk 0:03:27]} 31. Qe2
{[%clk 0:04:23]} 31... b5 {[%clk 0:02:36]} 32. axb5 {[%clk 0:03:54]} 32... axb5
{[%clk 0:03:03]} 33. Qe1 {[%clk 0:03:28]} 33... Bd6 {[%clk 0:02:45]} 34. Ne2
{[%clk 0:03:03]} 34... Qa7 {[%clk 0:03:08]} 35. Bb4 {[%clk 0:03:00]} 35... Bxb4
{[%clk 0:02:48]} 36. Qxb4 {[%clk 0:03:25]} 36... Qa1+ {[%clk 0:03:13]} 37. Kh2
{[%clk 0:03:43]} 37... Nf5 {[%clk 0:03:24]} 38. Nxd4 {[%clk 0:00:53]} 38... Ne3
{[%clk 0:02:28]} 39. Nf3 {[%clk 0:00:47]} 39... Nf1+ {[%clk 0:00:52]} 40. Kg1
{[%clk 0:00:49]} 40... Nd2+ {[%clk 0:00:52]} 41. Kh2 {[%clk 0:19:05]} 1/2-1/2

[Event "DEM U18w 2018"]
[Site "Willingen GER"]
[Date "2018.05.24"]
[Round "7"]
[White "Kail, Sindy"]
[Black "Riegel, Arinna"]
[Result "0-1"]
[Termination "normal"]
[Board "7"]
[WhiteElo "1819"]
[BlackElo "1906"]
[WhiteClock "00:34:13"]
[BlackClock "00:03:36"]
[PlyCount "68"]
[WhiteFideId "12988502"]
[BlackFideId "12931446"]
[EventCountry "GER"]
[EventRounds "9"]
[EventType "swiss"]
[EventDate "2018.05.19"]

1. e4 {[%clk 1:30:57]} 1... c5 {[%clk 1:30:57]} 2. Nf3 {[%clk 1:31:16]} 2... e6
{[%clk 1:31:12]} 3. d4 {[%clk 1:31:04]} 3... cxd4 {[%clk 1:31:38]} 4. Nxd4 {
[%clk 1:31:15]} 4... a6 {[%clk 1:32:01]} 5. Nc3 {[%clk 1:29:33]} 5... Qc7 {
[%clk 1:32:24]} 6. Bd3 {[%clk 1:27:39]} 6... Nf6 {[%clk 1:30:37]} 7. O-O {
[%clk 1:27:34]} 7... Be7 {[%clk 1:30:48]} 8. Kh1 {[%clk 1:25:14]} 8... b5 {
[%clk 1:30:20]} 9. f4 {[%clk 1:22:27]} 9... d6 {[%clk 1:29:42]} 10. Nce2 {
[%clk 1:17:04]} 10... Bb7 {[%clk 1:29:03]} 11. Ng3 {[%clk 1:16:03]} 11... Nc6 {
[%clk 1:27:57]} 12. Nxc6 {[%clk 1:13:54]} 12... Qxc6 {[%clk 1:23:50]} 13. Qf3 {
[%clk 1:11:49]} 13... Rc8 {[%clk 1:20:40]} 14. Bd2 {[%clk 1:10:58]} 14... h5 {
[%clk 1:00:27]} 15. Rfe1 {[%clk 1:06:04]} 15... h4 {[%clk 0:43:09]} 16. Nf1 {
[%clk 1:06:02]} 16... h3 {[%clk 0:41:19]} 17. g4 {[%clk 1:05:46]} 17... d5 {
[%clk 0:31:42]} 18. Ng3 {[%clk 1:02:10]} 18... dxe4 {[%clk 0:21:24]} 19. Nxe4 {
[%clk 1:01:24]} 19... Qc7 {[%clk 0:20:30]} 20. Rac1 {[%clk 0:53:49]} 20... Nxe4
{[%clk 0:14:41]} 21. Bxe4 {[%clk 0:54:11]} 21... Bxe4 {[%clk 0:13:13]} 22. Rxe4
{[%clk 0:54:26]} 22... Qc6 23. f5 {[%clk 0:53:24]} 23... e5 {[%clk 0:12:31]}
24. Bc3 {[%clk 0:46:17]} 24... f6 {[%clk 0:12:09]} 25. Re3 {[%clk 0:41:08]}
25... Qxf3+ {[%clk 0:08:30]} 26. Rxf3 {[%clk 0:41:36]} 26... Rc4 { [%clk
0:08:59]} 27. Rg3 {[%clk 0:39:21]} 27... Rh4 {[%clk 0:09:09]} 28. g5 { [%clk
0:38:15]} 28... Rcf4 {[%clk 0:03:21]} 29. gxf6 {[%clk 0:37:32]} 29... gxf6
{[%clk 0:03:50]} 30. Rg8+ {[%clk 0:35:37]} 30... Kf7 {[%clk 0:03:32]} 31. Ra8
{[%clk 0:34:27]} 31... Rxf5 {[%clk 0:03:11]} 32. Rxa6 {[%clk 0:34:43]} 32...
Rhf4 {[%clk 0:03:33]} 33. Rg1 {[%clk 0:34:05]} 33... Bc5 {[%clk 0:03:49]} 34.
Bd2 {[%clk 0:34:13]} 34... Rf1 {[%clk 0:03:36]} 0-1

[Event "DEM U18w 2018"]
[Site "Willingen GER"]
[Date "2018.05.24"]
[Round "7"]
[White "Möller, Hannah"]
[Black "Ratay, Meike"]
[Result "1/2-1/2"]
[Termination "normal"]
[Board "8"]
[WhiteElo "1807"]
[BlackElo "1831"]
[WhiteClock "00:50:14"]
[BlackClock "00:04:01"]
[PlyCount "62"]
[WhiteFideId "1270514"]
[BlackFideId "12977608"]
[EventCountry "GER"]
[EventRounds "9"]
[EventType "swiss"]
[EventDate "2018.05.19"]

1. e4 {[%clk 1:30:57]} 1... c5 2. Nf3 {[%clk 1:30:55]} 2... d6 {[%clk 1:30:48]}
3. d4 {[%clk 1:31:09]} 3... Nf6 {[%clk 1:30:45]} 4. Nc3 {[%clk 1:31:25]} 4...
cxd4 {[%clk 1:30:52]} 5. Nxd4 {[%clk 1:31:50]} 5... a6 {[%clk 1:31:16]} 6. Be2
{[%clk 1:31:13]} 6... e5 {[%clk 1:31:35]} 7. Nf3 {[%clk 1:31:21]} 7... Be7 {
[%clk 1:30:38]} 8. O-O {[%clk 1:30:14]} 8... O-O {[%clk 1:28:29]} 9. Bg5 {
[%clk 1:28:58]} 9... Nbd7 {[%clk 1:27:37]} 10. Qc1 {[%clk 1:24:52]} 10... b5 {
[%clk 1:20:52]} 11. Rd1 {[%clk 1:23:03]} 11... Qc7 {[%clk 1:10:19]} 12. Nh4 {
[%clk 1:18:05]} 12... Nb6 {[%clk 1:05:28]} 13. Nf5 {[%clk 1:15:49]} 13... Bxf5
{[%clk 0:59:00]} 14. exf5 {[%clk 1:14:08]} 14... Rac8 {[%clk 0:57:45]} 15. Bf3
{[%clk 1:12:47]} 15... b4 {[%clk 0:43:55]} 16. Bxf6 {[%clk 1:08:38]} 16... gxf6
{[%clk 0:27:59]} 17. Nd5 {[%clk 1:08:32]} 17... Nxd5 {[%clk 0:27:29]} 18. Rxd5
{[%clk 1:08:56]} 18... Qxc2 {[%clk 0:27:08]} 19. Qxc2 {[%clk 1:09:02]} 19...
Rxc2 {[%clk 0:27:36]} 20. Ra5 {[%clk 1:09:14]} 20... Rxb2 {[%clk 0:26:32]} 21.
Rxa6 {[%clk 1:09:29]} 21... Rc8 {[%clk 0:21:46]} 22. Ra7 {[%clk 1:07:03]} 22...
Kf8 {[%clk 0:20:41]} 23. Bd5 {[%clk 1:05:46]} 23... Rd2 {[%clk 0:19:46]} 24.
Bb3 {[%clk 1:01:17]} 24... d5 {[%clk 0:19:35]} 25. Rd7 {[%clk 1:00:46]} 25...
d4 {[%clk 0:15:43]} 26. Re1 {[%clk 0:59:28]} 26... d3 {[%clk 0:12:50]} 27. h3 {
[%clk 0:55:23]} 27... Rc3 {[%clk 0:07:44]} 28. f4 {[%clk 0:51:21]} 28... Re2 {
[%clk 0:05:30]} 29. Kf1 {[%clk 0:49:38]} 29... exf4 {[%clk 0:04:11]} 30. Rxe2 {
[%clk 0:49:52]} 30... dxe2+ {[%clk 0:04:36]} 31. Kxe2 {[%clk 0:50:14]} 31...
Re3+ {[%clk 0:04:01]} 1/2-1/2

[Event "DEM U18w 2018"]
[Site "Willingen GER"]
[Date "2018.05.24"]
[Round "7"]
[White "Jörs, Pia-Milena"]
[Black "Reinecke, Katharina"]
[Result "0-1"]
[Termination "normal"]
[Board "9"]
[WhiteElo "1557"]
[BlackElo "1905"]
[WhiteClock "00:03:37"]
[BlackClock "00:03:39"]
[PlyCount "76"]
[WhiteFideId "12964646"]
[BlackFideId "12929727"]
[EventCountry "GER"]
[EventRounds "9"]
[EventType "swiss"]
[EventDate "2018.05.19"]

1. d4 {[%clk 1:30:58]} 1... d5 {[%clk 1:30:56]} 2. c4 {[%clk 1:31:22]} 2... c6
{[%clk 1:31:23]} 3. Nf3 {[%clk 1:31:43]} 3... Nf6 {[%clk 1:31:48]} 4. cxd5 {
[%clk 1:31:35]} 4... cxd5 {[%clk 1:31:14]} 5. Bf4 {[%clk 1:31:36]} 5... Nc6 {
[%clk 1:29:44]} 6. Nc3 {[%clk 1:31:25]} 6... e6 {[%clk 1:25:21]} 7. e3 { [%clk
1:28:10]} 7... Be7 {[%clk 1:22:38]} 8. h3 {[%clk 1:24:02]} 8... O-O { [%clk
1:21:36]} 9. Bd3 {[%clk 1:23:57]} 9... a6 {[%clk 1:18:02]} 10. O-O { [%clk
1:20:22]} 10... b5 {[%clk 1:16:28]} 11. Rc1 {[%clk 1:19:14]} 11... Bb7 { [%clk
1:16:24]} 12. Ne5 {[%clk 1:08:36]} 12... Rc8 {[%clk 1:09:56]} 13. a3 { [%clk
1:04:14]} 13... Na5 {[%clk 1:08:33]} 14. a4 {[%clk 0:52:41]} 14... b4 { [%clk
1:01:11]} 15. Nb1 {[%clk 0:46:59]} 15... Qb6 {[%clk 0:59:11]} 16. b3 { [%clk
0:39:22]} 16... Rxc1 {[%clk 0:55:48]} 17. Qxc1 {[%clk 0:39:03]} 17... Nxb3
{[%clk 0:55:35]} 18. Qc2 {[%clk 0:37:23]} 18... Na5 {[%clk 0:50:33]} 19. Nd2
{[%clk 0:34:35]} 19... Rc8 {[%clk 0:48:23]} 20. Qb1 {[%clk 0:29:21]} 20... g6
{[%clk 0:30:43]} 21. Nb3 {[%clk 0:22:51]} 21... Nxb3 {[%clk 0:27:04]} 22. Qxb3
{[%clk 0:23:07]} 22... Rc3 {[%clk 0:26:27]} 23. Qb2 {[%clk 0:20:56]} 23... Ne4
{[%clk 0:21:07]} 24. Bc2 {[%clk 0:18:54]} 24... a5 {[%clk 0:20:22]} 25. Bb3
{[%clk 0:16:01]} 25... Qd8 {[%clk 0:19:08]} 26. Nf3 {[%clk 0:14:33]} 26... Ba6
{[%clk 0:17:49]} 27. Rc1 {[%clk 0:14:38]} 27... Qc8 {[%clk 0:15:59]} 28. Rd1 {
[%clk 0:12:36]} 28... Bc4 {[%clk 0:13:53]} 29. Bxc4 {[%clk 0:10:30]} 29... Qxc4
{[%clk 0:13:13]} 30. Ne5 {[%clk 0:10:07]} 30... Qc8 {[%clk 0:12:34]} 31. f3 {
[%clk 0:07:59]} 31... Nd6 {[%clk 0:12:28]} 32. Rd3 {[%clk 0:07:50]} 32... Rxd3
{[%clk 0:10:14]} 33. Nxd3 {[%clk 0:08:18]} 33... Nc4 {[%clk 0:10:01]} 34. Qb3 {
[%clk 0:06:15]} 34... Nb6 {[%clk 0:05:53]} 35. Nb2 {[%clk 0:04:53]} 35... Qc3 {
[%clk 0:04:36]} 36. Qa2 {[%clk 0:04:49]} 36... Nc4 {[%clk 0:03:55]} 37. Nxc4 {
[%clk 0:04:05]} 37... dxc4 {[%clk 0:03:57]} 38. Kh2 {[%clk 0:03:37]} 38... b3 {
[%clk 0:03:39]} 0-1

[Event "DEM U18w 2018"]
[Site "Willingen GER"]
[Date "2018.05.24"]
[Round "7"]
[White "Diener, Carolin Valeria"]
[Black "Mylke, Sandy-Michelle"]
[Result "1-0"]
[Termination "normal"]
[Board "10"]
[WhiteElo "1957"]
[BlackElo "1100"]
[WhiteClock "00:01:52"]
[BlackClock "00:34:43"]
[PlyCount "89"]
[WhiteFideId "24699063"]
[BlackFideId "16235045"]
[EventCountry "GER"]
[EventRounds "9"]
[EventType "swiss"]
[EventDate "2018.05.19"]

1. e4 {[%clk 1:30:59]} 1... g6 {[%clk 1:30:38]} 2. d4 {[%clk 1:31:14]} 2... Bg7
{[%clk 1:30:50]} 3. Nc3 {[%clk 1:31:29]} 3... d5 {[%clk 1:30:41]} 4. exd5 {
[%clk 1:06:52]} 4... Nf6 {[%clk 1:27:56]} 5. Bc4 {[%clk 1:02:15]} 5... O-O {
[%clk 1:25:51]} 6. Nf3 {[%clk 0:59:31]} 6... Nbd7 {[%clk 1:23:21]} 7. O-O {
[%clk 0:58:22]} 7... Nb6 {[%clk 1:20:57]} 8. Bb3 {[%clk 0:53:36]} 8... Nbxd5 {
[%clk 1:19:38]} 9. Nxd5 {[%clk 0:53:01]} 9... Nxd5 {[%clk 1:19:43]} 10. c3 {
[%clk 0:53:19]} 10... Re8 {[%clk 1:11:31]} 11. Re1 {[%clk 0:49:06]} 11... c6 {
[%clk 1:10:06]} 12. Bg5 {[%clk 0:41:18]} 12... h6 {[%clk 1:02:33]} 13. Bd2 {
[%clk 0:39:54]} 13... Bg4 {[%clk 1:00:59]} 14. h3 {[%clk 0:39:51]} 14... Bxf3 {
[%clk 1:00:52]} 15. Qxf3 {[%clk 0:40:02]} 15... Qd6 {[%clk 0:57:28]} 16. Re2 {
[%clk 0:35:28]} 16... Kh8 {[%clk 0:53:58]} 17. Qxf7 {[%clk 0:31:58]} 17... Rf8
{[%clk 0:50:53]} 18. Qe6 {[%clk 0:32:06]} 18... Rad8 {[%clk 0:48:23]} 19. Bxd5
{[%clk 0:29:03]} 19... Qxd5 {[%clk 0:45:22]} 20. Qxd5 {[%clk 0:29:10]} 20...
Rxd5 {[%clk 0:45:35]} 21. Rxe7 {[%clk 0:29:19]} 21... c5 {[%clk 0:44:47]} 22.
Be3 {[%clk 0:19:03]} 22... cxd4 {[%clk 0:44:10]} 23. cxd4 {[%clk 0:19:14]}
23... Bxd4 {[%clk 0:44:11]} 24. Rd1 {[%clk 0:18:23]} 24... Bxe3 {[%clk 0:43:22]
} 25. Rxd5 {[%clk 0:18:38]} 25... Bxf2+ {[%clk 0:43:42]} 26. Kh2 { [%clk
0:18:46]} 26... h5 {[%clk 0:41:07]} 27. Rdd7 {[%clk 0:12:17]} 27... Rc8 { [%clk
0:39:40]} 28. Rxb7 {[%clk 0:09:40]} 28... h4 {[%clk 0:39:53]} 29. Rh7+ { [%clk
0:09:45]} 29... Kg8 {[%clk 0:40:15]} 30. Rbg7+ {[%clk 0:10:05]} 30... Kf8
{[%clk 0:40:37]} 31. Rh8+ {[%clk 0:10:15]} 31... Kxg7 {[%clk 0:40:54]} 32. Rxc8
{[%clk 0:10:40]} 32... Bg3+ {[%clk 0:38:59]} 33. Kg1 {[%clk 0:11:03]} 33... Be5
{[%clk 0:39:01]} 34. b4 {[%clk 0:10:24]} 34... Kf7 {[%clk 0:38:49]} 35. Rc6 {
[%clk 0:10:01]} 35... g5 {[%clk 0:38:44]} 36. a4 {[%clk 0:10:00]} 36... Ke7 {
[%clk 0:38:41]} 37. Kf2 {[%clk 0:08:36]} 37... Kd7 {[%clk 0:38:57]} 38. Rg6 {
[%clk 0:07:02]} 38... Bf4 {[%clk 0:37:19]} 39. Rg7+ {[%clk 0:06:28]} 39... Kc6
{[%clk 0:36:21]} 40. Rxa7 {[%clk 0:06:46]} 40... Kb6 {[%clk 0:34:56]} 41. Rd7 {
[%clk 0:01:50]} 41... Kc6 {[%clk 0:34:55]} 42. Rf7 {[%clk 0:01:04]} 42... Be5 {
[%clk 0:34:49]} 43. Rf5 {[%clk 0:01:10]} 43... Bf4 {[%clk 0:34:25]} 44. Rxf4 {
[%clk 0:01:27]} 44... gxf4 {[%clk 0:34:43]} 45. Kf3 {[%clk 0:01:52]} 1-0